000 01605nam a2200289Ia 4500
999 _c38605
_d38605
001 4722
003 GE_BSU
005 20190717165719.0
008 181216s2008||||ge |||||||||||||| ||geo||
020 _a9789941406348
040 _cGE_BSU
041 _aGEO
080 _a005.915 + 336.131(075.8) ვ-18
100 _aვან ჰორნი, ჯეიმ ს ჯონ მ. ვახოვიჩი,
_93249
245 _aფინანსური მენეჯმენტის საფუძვლები :
_bსახელმძღვ. /
_cჯეიმ ს. ვან ჰორნი, ჯონ მ. ვახოვიჩი ; მთარგმნ. გიორგი ზარდიაშვილი მეცნ.-რედ. ეკა გეგეშიძე, რედ. მერაბ ცაგარეიშვილი
250 _aმე-12 გამოც.
264 _aთბილისი :
_bსაქართველოს მაცნე ;
_c2008.
300 _a767 გვ. :
_bცხრ. ;
_c26 სმ.
541 _h50 ლ.
653 _aფინანსური მენეჯმენტი
653 _aფინანსები
700 _a ვახოვიჩი, ჯონ მ.
_eავტორი
_93250
700 _a ზარდიაშვილი, გიორგი
_eმთარგმნელი
_93251
700 _aგეგეშიძე, ეკა
_eმეც./რედაქრტორი
_9825
700 _a ცაგარეიშვილი, მერაბ
_eრედაქტორი
_93252
942 _cBK
_2udc